00494nam a2200193 a 4500001001300000003000900013005001700022008004100039020001200080082001500092100001800107245004600125260003200171300000900203500003500212505001600247650001900263700001800282nice12345678IN_TiNIC20260116011256.0050524s1962 bosa grp 000 0 eng  ac77.5500a949.5bROB aRobinson, C E aHellasb a Shot History of Ancient Greece aBostonbBeacon Press c1962 a199p aincludes index and biblioraphy2 aIndex, Ill. aGreece-History1 aRobinson, C E